Tesco - a kiskereskedelmi piac legfőbb innovátora
Charakteristika pojmu inovácia podľa vybraných autorov. Hlavný predstavitelia slovenského hypermarketového trhu. Tesco ako hlavný inovátor. Samoobslužné pokladnice a donáška tovaru do domu.
Uložené v:
| Hlavný autor: | |
|---|---|
| Ďalší autori: | |
| Médium: | Kapitola |
| Jazyk: | Hungarian |
| Predmet: | |
| Tagy: |
Žiadne tagy, Buďte prvý, kto otaguje tento záznam!
|
MARC
| LEADER | 00000naa a2200000 4500 | ||
|---|---|---|---|
| 001 | 0192135 | ||
| 005 | 20240502073225.5 | ||
| 041 | 0 | |a hun | |
| 044 | |a SK | ||
| 245 | 1 | 0 | |a Tesco - a kiskereskedelmi piac legfőbb innovátora |c Erika Seres Huszárik, Enikő Dobai Korcsmáros |
| 520 | |a Charakteristika pojmu inovácia podľa vybraných autorov. Hlavný predstavitelia slovenského hypermarketového trhu. Tesco ako hlavný inovátor. Samoobslužné pokladnice a donáška tovaru do domu. | ||
| 610 | 2 | 0 | |a maloobchod |
| 610 | 2 | 0 | |a reťazce obchodné |
| 610 | 2 | 0 | |a hypermarkety |
| 610 | 2 | 0 | |a donáška do domu |
| 610 | 2 | 0 | |a obchod elektronický |
| 100 | 1 | |a Seres Huszárik, Erika | |
| 700 | 1 | |a Dobai Korcsmáros, Enikő | |